LEADER 02375nam 2200565 a 450 001 9910779765103321 005 20230803020923.0 010 $a0-85700-669-X 035 $a(CKB)2550000001064437 035 $a(EBL)1163696 035 $a(OCoLC)849937125 035 $a(SSID)ssj0000915646 035 $a(PQKBManifestationID)12319715 035 $a(PQKBTitleCode)TC0000915646 035 $a(PQKBWorkID)10869022 035 $a(PQKB)11134234 035 $a(MiAaPQ)EBC1163696 035 $a(EXLCZ)992550000001064437 100 $a20130702d2013 uy 0 101 0 $aeng 135 $aur|n|---||||| 181 $ctxt 182 $cc 183 $acr 200 14$aThe essential guide to life after bereavement$b[electronic resource]$ebeyond tomorrow /$fJudy Carole Kauffmann and Mary Jordan 210 $aLondon ;$aPhiladelphia, Pa. $cJessica Kingsley Pub.$dc2013 215 $a1 online resource (178 p.) 300 $aDescription based upon print version of record. 311 $a1-84905-335-9 311 $a1-299-67685-5 320 $aIncludes bibliographical references and index. 327 $aThe Essential Guide to Life After Bereavement Beyond Tomorrow; Foreword; Introduction; 1 Breaking Bad News; 2 Breaking Bad News to Children, People with Intellectual Disabilities and People with Dementia; 3 Guilt and Grief; 4 More About Grief; 5 Families in Conflict; 6 Personal Effects; 7 Memorials; 8 Anniversaries; 9 Beyond Tomorrow; Bibliography; Resources; Index 330 $aThe period following the death of a loved one can be a time of great turmoil. This sensitive book acts as a helpful and supportive road map through the initial period of loss, and the weeks and months that follow. As well as the emotional and spiritual aspects of bereavement, it covers important practical considerations, which are often overlooked. 606 $aBereavement 606 $aLoss (Psychology) 606 $aDeath 615 0$aBereavement. 615 0$aLoss (Psychology) 615 0$aDeath. 676 $a155.9/37 676 $a155.937 700 $aCarole Kauffmann$b Judy$01490109 701 $aJordan$b Mary$f1951-$01490110 801 0$bMiAaPQ 801 1$bMiAaPQ 801 2$bMiAaPQ 906 $aBOOK 912 $a9910779765103321 996 $aThe essential guide to life after bereavement$93711264 997 $aUNINA LEADER 02099oas 2200853 a 450 001 9910145155103321 005 20251105213014.0 011 $a1938-0712 035 $a(DE-599)2193618-3 035 $a(OCoLC)226239521 035 $a(CONSER) 2008215452 035 $a(CKB)1000000000275919 035 $a(EXLCZ)991000000000275919 100 $a20080424b20052009 uy a 101 0 $aeng 135 $aur||||||||||| 181 $ctxt$2rdacontent 182 $cc$2rdamedia 183 $acr$2rdacarrier 200 00$aClinical lymphoma & myeloma 210 $a[Dallas, TX] $c[CIG Media Group]$d[2005-2009] 300 $aRefereed/Peer-reviewed 311 08$a1557-9190 517 1 $aClinical lymphoma and myeloma 606 $aLymphomas$vPeriodicals 606 $aMultiple myeloma$vPeriodicals 606 $aLymphoma 606 $aMultiple Myeloma 606 $aLymphome$vPe?riodiques 606 $aMye?lome multiple$vPe?riodiques 606 $aLymphomas$2fast$3(OCoLC)fst01004321 606 $aMultiple myeloma$2fast$3(OCoLC)fst01028990 608 $aPeriodical. 608 $aPeriodicals.$2fast 608 $aPeriodicals.$2lcgft 615 0$aLymphomas 615 0$aMultiple myeloma 615 2$aLymphoma. 615 2$aMultiple Myeloma. 615 6$aLymphome 615 6$aMye?lome multiple 615 7$aLymphomas. 615 7$aMultiple myeloma. 676 $a616 712 02$aCancer Information Group 801 0$bNSD 801 1$bNSD 801 2$bNSD 801 2$bOCLCS 801 2$bOCLCQ 801 2$bDLC 801 2$bEUE 801 2$bTXA 801 2$bOCLCQ 801 2$bTEF 801 2$bDLC 801 2$bOCLCF 801 2$bOCLCQ 801 2$bBUF 801 2$bAU@ 801 2$bOCLCO 801 2$bWYU 801 2$bW2U 801 2$bU3W 801 2$bOCLCQ 801 2$bOCLCO 801 2$bOCLCL 801 2$bLVT 801 2$bOCLCL 801 2$bOCLCQ 906 $aJOURNAL 912 $a9910145155103321 996 $aClinical lymphoma & myeloma$91894937 997 $aUNINA